=LDR 00000nam 2200000 4500 =001 INLIS000000000027930 =005 20230119035721 =035 ##$$a 0010-061300000027930 =008 230119################g##########0#ind## =041 ##$$a Ind =082 ##$$a 808.83 =090 ##$$a 808.83, Aul b =100 ##$$a AULIA, Emil W =245 1#$$a Berjuta-juta dari deli satoe hikayat koeli contract, /$c Emil W Aulia =260 ##$$a Jakarta :$b Gramedia Putaka Utama,$c 2006 =300 ##$$a viii, 261 hlm., ; $c 20 cm =650 #4$$a Fiksi Indonesia =850 ##$$a NBPNMAT =084 ##$$a 808.83 AUL b =990 ##$$a 94080/BPAP-NTB/2014 =990 ##$$a 21195922/BPAP-NTB/2014 =990 ##$$a 0001/BPAP-NTB/20142015 =990 ##$$a 2090100853/BPAP-NTB/2015 =990 ##$$a 0001/BPAP-NTB/2015 =990 ##$$a 20705700 =990 ##$$a 94080/BPAP-NTB/2014 =990 ##$$a 21195922/BPAP-NTB/2014 =990 ##$$a 2090100853/BPAP-NTB/2015 =990 ##$$a 0001/BPAP-NTB/2015 =990 ##$$a 20705700 =990 ##$$a 94080/BPAP-NTB/2014 =990 ##$$a 21195922/BPAP-NTB/2014 =990 ##$$a 2090100853/BPAP-NTB/2015 =990 ##$$a 0001/BPAP-NTB/2015